Statistics for Lesser Antilles Country Quiz

Click here to take the quiz!

General Stats

  • This quiz has been taken 40 times
  • The average score is 7 of 8

Answer Stats

Answer% Correct
Trinidad and Tobago
93%
Barbados
89%
St Kitts and Nevis
86%
St Lucia
82%
Grenada
79%
St Vincent and the Grenadines
79%
Dominica
75%
Antigua and Barbuda
71%

Score Distribution

Percentile by Number Answered

Percent of People with Each Score

Your Score History

You have not taken this quiz